Entry Personal Name
Number of records used in: 1
001 - CONTROL NUMBER
003 - CONTROL NUMBER IDENTIFIER
005 - DATE AND TIME OF LATEST TRANSACTION
- control field:
20200127102921.0
008 - FIXED-LENGTH DATA ELEMENTS
- fixed length control field:
040930n| azannaabn |n aaa
010 ## - LIBRARY OF CONGRESS CONTROL NUMBER
- LC control number:
n 2004105445
016 ## - NATIONAL BIBLIOGRAPHIC AGENCY CONTROL NUMBER
- Record control number:
1031C9694E
035 ## - SYSTEM CONTROL NUMBER
- System control number:
(OCoLC)oca06458807
040 ## - CATALOGING SOURCE
- Original cataloging agency:
DLC
- Language of cataloging:
eng
- Description conventions:
rda
- Transcribing agency:
DLC
- Modifying agency:
CaOONL
042 ## - AUTHENTICATION CODE
100 1# - HEADING--PERSONAL NAME
- Personal name:
Eisner, Alan B.
377 ## - ASSOCIATED LANGUAGE
670 ## - SOURCE DATA FOUND
- Source citation:
Strategic management, 2006:
- Information found:
CIP t.p. (Alan B. Eisner, Pace University)